书目信息 |
| 题名: |
滑坡涌浪分析
|
|
| 作者: | 黄波林 著 | |
| 分册: | ||
| 出版信息: | 北京 科学出版社 2019 |
|
| 页数: | 189页 | |
| 开本: | 26cm | |
| 丛书名: | ||
| 单 册: | ||
| 中图分类: | P631.22 | |
| 科图分类: | ||
| 主题词: | 涌浪--研究 | |
| 电子资源: | ||
| ISBN: | 978-7-03-062260-0 | |
| 000 | 01248nam0 2200229 45 | |
| 001 | 012001002953 | |
| 005 | 20140126101756.0 | |
| 010 | @a978-7-03-062260-0@dCNY139.00 | |
| 100 | @a20190902d2019 em y0chiy0110 ea | |
| 101 | 0 | @achi |
| 102 | @aCN@b110000 | |
| 105 | @ay z 000yy | |
| 106 | @ar | |
| 200 | 1 | @a滑坡涌浪分析@9hua po yong lang fen xi@f黄波林等著@AHua Po Yong Lang Fen Xi@PHPYLFX@FHuang Bo Lin Deng Zhu |
| 210 | @a北京@c科学出版社@d2019 | |
| 215 | @a189页@d26cm | |
| 330 | @a本书首先系统总结了国内外滑坡涌浪研究现状,尤其是在数值分析方法的研究现状。通过国内外典型案例,展示了深水区滑坡涌浪、浅水区滑坡涌浪、水下滑坡涌浪及崩塌产生的涌浪等主要类型特征。通过大量的滑坡涌浪概化物理试验,研究了深水区陆地滑坡涌浪、浅水区陆地滑坡涌浪和水下滑坡涌浪等初始液面特征,推导了相关计算公式。在此基础上,形成了系列涌浪源数值模型,通过大量的试验或实例进行了数值模型有效性验证。这些模型可以用于长距离大范围的滑坡涌浪预测预警分析,有些已经在滑坡涌浪应急处置中成功应用。同时,采用流固耦合和全耦合数值模型对崩塌等特殊滑坡涌浪类型进行了岩土体—流体互馈分析和涌浪-结构物消减机制分析。 | |
| 606 | 0 | @a涌浪@x研究 |
| 690 | @aP631.22@v5 | |
| 701 | 0 | @a黄波林@9huang bo lin deng@4著 |
| 801 | 0 | @aCN@b北京卓展@c20191020 |
| 905 | @b1204873-6@dP631.22@e126@f4 | |
| 滑坡涌浪分析/黄波林等著.-北京:科学出版社,2019 |
| 189页;26cm |
| ISBN 978-7-03-062260-0:CNY139.00 |
| 本书首先系统总结了国内外滑坡涌浪研究现状,尤其是在数值分析方法的研究现状。通过国内外典型案例,展示了深水区滑坡涌浪、浅水区滑坡涌浪、水下滑坡涌浪及崩塌产生的涌浪等主要类型特征。通过大量的滑坡涌浪概化物理试验,研究了深水区陆地滑坡涌浪、浅水区陆地滑坡涌浪和水下滑坡涌浪等初始液面特征,推导了相关计算公式。在此基础上,形成了系列涌浪源数值模型,通过大量的试验或实例进行了数值模型有效性验证。这些模型可以用于长距离大范围的滑坡涌浪预测预警分析,有些已经在滑坡涌浪应急处置中成功应用。同时,采用流固耦合和全耦合数值模型对崩塌等特殊滑坡涌浪类型进行了岩土体—流体互馈分析和涌浪-结构物消减机制分析。 |
| ● |
| 相关链接 |
|
|
|
|
正题名:滑坡涌浪分析
索取号:P631.22/126
 
预约/预借
| 序号 | 登录号 | 条形码 | 馆藏地/架位号 | 状态 | 备注 |
| 1 | 1204873 | 212048737 | 第二样本阅览室/ [索取号:P631.22/126] | 在馆 | |
| 2 | 1204874 | 212048746 | 第三借阅区/ [索取号:P631.22/126] | 在馆 | |
| 3 | 1204875 | 212048755 | 第三借阅区/ [索取号:P631.22/126] | 在馆 | |
| 4 | 1204876 | 212048764 | 第三借阅区/ [索取号:P631.22/126] | 在馆 |